000 00556nam a22001817a 4500
003 UA-OsUOA
001 8059
007 ta
008 20040726b un ||||| |||| 00| 0 ukr d
100 _aКушакова -Костицька Н.
942 _cSA
040 _aUA-OsUOA
_cUA-OsUOA
_dUA-OsUOA
245 _aВід свободи слова - до інформаційного суспільства
300 _aС.129-133
955 _a0
773 0 _w0
_tПраво України
_dКиїв
_d2004
_gN7
650 7 _aІнформаційне право
_2UDC
999 _c294220
_d294220